|
|
|
|
| LEADER |
03375nem a22005412a 4500 |
| 001 |
mzk03001031781 |
| 003 |
CZ BrMZK |
| 005 |
20130411094917.0 |
| 007 |
aj|ca||| |
| 008 |
051122s1715 ne i||||||a|||r|1|||gerod |
| 034 |
1 |
|
|a a
|b 160000
|d E0121600
|e E0130900
|f N0502900
|g N0500100
|
| 040 |
|
|
|a BOA001
|b cze
|
| 043 |
|
|
|a e-xr---
|b e-xr-ka
|2 czenas
|
| 072 |
|
7 |
|a 912:904
|x Staré mapy
|2 Konspekt
|9 7
|
| 080 |
|
|
|a (084.1)
|2 MRF
|
| 080 |
|
|
|a (084.3)
|2 MRF
|
| 080 |
|
|
|a (437.318)
|2 MRF
|
| 080 |
|
|
|a 912.43:069.5
|2 MRF
|
| 100 |
1 |
|
|a Zürner, Adam Friedrich,
|d 1679-1742
|7 mzk2008448946
|4 aut
|
| 245 |
1 |
0 |
|a Geographischer Entwurff der Stadt und Gegend des Welt-berühmten Kaeyser Carlsbades in Königreich Böhmen vorstellent den Ellenbognischen Creiß sambt denen hie mit vermengten und angräntzenden Gegenden
|h [kartografický dokument] /
|c so theils mit Instrumenten ein gehohlet theils aus er haltenen Nachrichten zusammen getragen und nach gegen über stehen dem Schlüßel sonderlich für die Reisenden und fremden nützl. zu gebrauchen eingerichtet von M. A. F. Zurner P. S. M. Var.; gestochen von Peter Schenken jun.
|
| 255 |
|
|
|a Měřítko [ca 1:160 000]. 4,4 cm = 1 Teutsche Meil
|c (012°16´00" v.d.--013°09´00" v.d./050°29´00" s.š.--050°01´00" s.š.)
|
| 260 |
|
|
|a [Amsterdam :
|b s.n.],
|c 1715
|
| 300 |
|
|
|a 1 mapa :
|b mědirytina, ručně kolorovaná ;
|c vlastní mapa 27,6 x 36,7 cm na listě 56 x 64 cm
|
| 500 |
|
|
|a Výzdoba: V levém dolním rohu deska s názvovými údaji a mědirytinovou výzdobou, v pravém dolním rohu vysvětlivky, při pravém okraji severka, v mapovém rámci geografické souřadnice, souřadnicová síť. Po stranách vně rámce rejstřík, nad a pod mapou veduty a půdorysný plán města. Úplně dole doprovodný text
|
| 505 |
2 |
0 |
|t Ellenbogen.
|g prospekt města 9 x 13 cm --
|t Kayser Carlsbad.
|g prospekt města a okolí 9 x 31 cm --
|t Schlackenwerda.
|g prospekt města 9 x 14 cm --
|t Lusthäuser der Herrn Burger Meister an der großen Wiese.
|g prospekt zámečku 12 x 13 cm --
|t Letziger Prospect von der Stadt Carlsbad.
|g prospekt města 12 x 28 cm --
|t Sciagraphia der Carlsbader Gaßen und Häuser im Grunde.
|g plán města s legendou 12 x 17 cm
|
| 510 |
3 |
|
|a IKAR
|
| 510 |
4 |
|
|a Kuchař, K. Mapová sbírka B.P. Molla,
|c s. 231 (chybně pod č. 20)
|
| 510 |
4 |
|
|a Roubík, F. Soupis map českých zemí,
|c I., č. 885
|
| 590 |
|
|
|a Spodní okraj poškozený
|
| 655 |
|
7 |
|a historické mapy
|7 fd186723
|2 czenas
|
| 655 |
|
7 |
|a veduty
|7 fd133805
|2 czenas
|
| 650 |
0 |
4 |
|a Mollova mapová sbírka
|
| 650 |
0 |
7 |
|a mapové sbírky
|z Česko
|7 ph182407
|2 czenas
|
| 610 |
2 |
7 |
|a Moravská zemská knihovna (Brno, Česko).
|b Mapová sbírka B.P. Molla
|7 mzk2005304487
|2 czenas
|
| 651 |
|
7 |
|a Karlovy Vary (Česko)
|7 ge129535
|2 czenas
|
| 651 |
|
7 |
|a Loket (Sokolov, Česko)
|7 ge129862
|2 czenas
|
| 651 |
|
7 |
|a Loket (Sokolov, Česko : oblast)
|7 ge129864
|2 czenas
|
| 651 |
|
7 |
|a Ostrov (Karlovy Vary, Česko)
|7 ge130343
|2 czenas
|
| 700 |
1 |
|
|a Schenk, Petrus,
|d 1693-1775
|7 ola2009522880
|4 aut
|
| 787 |
0 |
8 |
|i Samostatná mapa publikovaná v díle:
|t Neuer Saechsischer Atlas
|
| 856 |
4 |
1 |
|u http://mapy.mzk.cz/mzk03/001/031/781/2619267443
|y Digitalizovaný dokument
|
| 903 |
|
|
|a RP
|
| 910 |
|
|
|a BOA001
|b Moll-0001.623
|
| 978 |
|
|
|b Schenk, Peter II
|a Amsterdam
|c 1715
|
| 984 |
|
|
|a Amsterdam
|b Nizozemsko
|
| 985 |
|
|
|a 1701-1750
|
| 990 |
|
|
|a MP
|
| 991 |
|
|
|k mzk
|